Estadísticas para Países más Cercanos a Francia Metropolitana

Haz click aquí para intentar la prueba.

Estadísticas generales

  • Esta prueba ha sido intentada 4.173 veces
  • La puntuación promedio es 18 de 20

Estadísticas de respuestas

kmPaísmilas% Correcto
0España0
100%
0Alemania0
99%
0Italia0
99%
0Andorra0
97%
0Bélgica0
97%
33Reino Unido21
96%
0Suiza0
96%
0Luxemburgo0
95%
61Países Bajos38
95%
0Mónaco0
94%
148Austria92
93%
412Portugal256
88%
432Irlanda268
87%
150Liechtenstein93
87%
240Ciudad del Vaticano149
86%
259San Marino161
86%
313República Checa195
82%
430Eslovenia267
81%
403Croacia251
70%
450Túnez280
42%

Distribución de puntuación

Porcentaje por número respondido

Porcentaje de gente con cada puntuación

Historial de tus puntuaciones

No has intentado esta prueba.